000 00645nam a2200241Ia 4500
003 OSt
005 20221005025011.0
006 a|||||r|||| 00| 0
007 ta
008 221004b |||||||| |||| 00| 0 eng d
024 _a21781
037 _cTextual
040 _aCRL
_cCRL
_beng
041 _2eng
_aeng
082 _aR6xN63x, K3
100 _aVivekananda
_939405
245 0 _aComplete works of Swami Vivekanand
260 _aCalcutta
_bAdvaita Ashram India
_c1963
300 _a535p., 534p.
_ccm.
650 _aINDIAN PHILOSOPHY
942 _hR6xN63x, K3
_cTEXL
_2cc
999 _c933946
_d933946